000 00856nam a2200229 a 4500
001 51354
005 20180714040754.0
008 140415s2005 sp 000 0 spa d
020 _a8474901464
041 _aspa
082 _a142.7
_bGUI
100 1 _aGITTON, JEAN
245 1 3 _aLA EXISTENCIA TEMPORAL
250 _a1a ed.
260 _aESPAÑA :
_bEDICIONES ENCUENTRO,
_c2005
300 _a167
_c15.3 x 1.3 x 23
490 _aFILOSOFIA
520 _aAL PRINCIPIO ME HICE TOMISTA. A LO LARGO DE MI CAUTIVIDAD Y DESPUES DE LA GUERRA ACARICIE EL SUEÑO DE RENOVAR EL ARISTOTELISMO. SALIO ENTONCES MI LIBRO LA EXISTENCIA TEMPORAL. MI MEJOR LIBRO. SE PUEDE DECIR QUE TUVE UNA CHISPA DE GENIALIDAD.
650 1 4 _aEXISTENCIALISMO
_xONTOLOGIA
700 1 _aBARINAGA-REMENTERIA, JAVIER MARTIN
_etr.
740 _aL´EXISTENCE TEMPORELLE
999 _c51354
_d51354